Arabesque and honeycomb / (Record no. 20812)

MARC details
000 -LEADER
fixed length control field 00670cam a22002411 4500
001 - CONTROL NUMBER
control field 6538498
003 - CONTROL NUMBER IDENTIFIER
control field BDDh-ASL
005 - DATE AND TIME OF LATEST TRANSACTION
control field 20231015025935.0
008 - FIXED-LENGTH DATA ELEMENTS--GENERAL INFORMATION
fixed length control field 720906s1958 xx 000 0 eng
010 ## - LIBRARY OF CONGRESS CONTROL NUMBER
LC control number 58005505
035 ## - SYSTEM CONTROL NUMBER
System control number (OCoLC)399371
040 ## - CATALOGING SOURCE
Original cataloging agency DLC
Transcribing agency ODaWU
Modifying agency DLC
-- BDDh-ASL
042 ## - AUTHENTICATION CODE
Authentication code premarc
050 00 - LIBRARY OF CONGRESS CALL NUMBER
Classification number DS49
Item number .S54
082 ## - DEWEY DECIMAL CLASSIFICATION NUMBER
Classification number 297.35
Item number SIA
100 1# - MAIN ENTRY--PERSONAL NAME
Personal name Sitwell, Sacheverell,
Dates associated with a name 1897-1988.
245 10 - TITLE STATEMENT
Title Arabesque and honeycomb /
260 ## - PUBLICATION, DISTRIBUTION, ETC.
Place of publication, distribution, etc. New York:
Name of publisher, distributor, etc. Random House
Date of publication, distribution, etc. [1958, c1957]
300 ## - PHYSICAL DESCRIPTION
Extent 224 p.
Dimensions 24 cm.
651 #0 - SUBJECT ADDED ENTRY--GEOGRAPHIC NAME
Geographic name Middle East
General subdivision Description and travel.
906 ## - LOCAL DATA ELEMENT F, LDF (RLIN)
a 7
b cbc
c oclcrpl
d u
e ncip
f 19
g y-gencatlg
942 ## - ADDED ENTRY ELEMENTS (KOHA)
Source of classification or shelving scheme Dewey Decimal Classification
Koha item type Books
Holdings
Withdrawn status Lost status Source of classification or shelving scheme Damaged status Not for loan Collection code Home library Current library Shelving location Date acquired Source of acquisition Total Checkouts Full call number Barcode Date last seen Copy number Price effective from Koha item type
    Dewey Decimal Classification   Not For Loan Non-fiction Asiatic Society Library Asiatic Society Library General Stacks 01/14/2021 ASB Collection   297.35 SIA 104315 01/14/2021 C-1 01/14/2021 Books

Powered by Koha